000 00348nam a2200133Ia 4500
005 20260328104246.0
008 260328s9999||||xx |||||||||||||| ||und||
100 _aBuchanan, William
245 0 _aMackintosh's MasterWork :
_b The Glasgow School of Art /
_cWilliam Buchanan
260 _bGlasgow
300 _a217 p.
650 _aARTE
942 _cBK
999 _c10075
_d10075